Ou va la politique commerciale américaine?
Americkí demokrati sú už tradične ochranári, aj keď sa B. Clinton vyhlasuje za voľný obchod. Hlavné zbrane sekcie 301 Trade Acts s 10 perc. nožnicami. Clá a protitrustový zákon. Bay American Act. Americký vývoz nedosahuje 7,5 perc. HNP. USA sú najväčším vývozcom na svete. Partneri sú proti ochranárs...
Uložené v:
| Hlavný autor: | |
|---|---|
| Médium: | Kapitola |
| Jazyk: | French |
| Predmet: | |
| Tagy: |
Žiadne tagy, Buďte prvý, kto otaguje tento záznam!
|
MARC
| LEADER | 00000naa a2200000 4500 | ||
|---|---|---|---|
| 001 | r013413 | ||
| 005 | 20221213085350.1 | ||
| 041 | 0 | |a fre | |
| 044 | |a FR | ||
| 245 | 1 | 0 | |a Ou va la politique commerciale américaine? |c A. Deysine |
| 520 | |a Americkí demokrati sú už tradične ochranári, aj keď sa B. Clinton vyhlasuje za voľný obchod. Hlavné zbrane sekcie 301 Trade Acts s 10 perc. nožnicami. Clá a protitrustový zákon. Bay American Act. Americký vývoz nedosahuje 7,5 perc. HNP. USA sú najväčším vývozcom na svete. Partneri sú proti ochranárstvu. (Le MOCI 1992, č.1054.). | ||
| 610 | 2 | 0 | |a politika zahraničnoobchodná |
| 610 | 2 | 0 | |a USA |
| 610 | 2 | 0 | |a obchod voľný |
| 610 | 2 | 0 | |a protekcionizmus |
| 610 | 2 | 0 | |a politika protimonopolná |
| 610 | 2 | 0 | |a clá |
| 100 | 1 | |a Deysine, A. | |